The future of U.S.-India security cooperation /

Bibliographic Details
Other Authors: Ganguly, Sumit (Editor)
Format: Book
Language:English
Published: Manchester : Manchester University Press, 2021.
Subjects:

MARC

Tag First Indicator Second Indicator Subfields
LEADER 00000cam a2200000Ii 4500
001 in00004428613
008 201013t20212021enka b 001 0 eng d
005 20250318220349.1
020 |a 9781526155146 
020 |a 152615515X  |q (paperback) 
020 |a 9781526155153  |q (paperback) 
020 |a 1526155141  |q (hbk.) 
020 |z 9781526155139  |q (ePub ebook) 
020 |z 9781526155160  |q (PDF ebook) 
035 |a (OCoLC)on1200027505 
035 |a (OCoLC)1200027505 
040 |a YDX  |b eng  |e rda  |c YDX  |d BDX  |d YDX  |d UKMGB  |d OCLCO  |d OCLCF  |d CDX 
043 |a n-us---  |a a-ii--- 
050 4 |a E183.8.I4  |b F88 2021 
082 0 4 |a 327.73054  |2 23 
245 0 4 |a The future of U.S.-India security cooperation /  |c edited by Šumit Ganguly and M. Chris Mason. 
264 1 |a Manchester :  |b Manchester University Press,  |c 2021. 
264 4 |c ©2021 
300 |a xi, 316 pages :  |b illustrations (black and white) ;  |c 24 cm 
336 |a text  |b txt  |2 rdacontent 
336 |a still image  |b sti  |2 rdacontent 
337 |a unmediated  |b n  |2 rdamedia 
338 |a volume  |b nc  |2 rdacarrier 
504 |a Includes bibliographical references and index. 
650 0 |a Security, International. 
651 0 |a United States  |x Foreign relations  |z India. 
651 0 |a India  |x Foreign relations  |z United States. 
651 0 |a United States  |x Military relations  |z India. 
651 0 |a India  |x Military relations  |z United States. 
650 7 |a Diplomatic relations.  |2 fast  |0 (OCoLC)fst01907412 
650 7 |a Military relations.  |2 fast  |0 (OCoLC)fst01353799 
650 7 |a Security, International.  |2 fast  |0 (OCoLC)fst01110895 
651 7 |a India.  |2 fast  |0 (OCoLC)fst01210276 
651 7 |a United States.  |2 fast  |0 (OCoLC)fst01204155 
700 1 |a Ganguly, Sumit,  |e editor. 
776 0 8 |i ebook version :  |z 9781526155139 
852 8 |b pda,print  |z This title is available for the library to purchase for your use. Click the "Purchase It For Me" button to place a request. This item may take 5-10 business days to arrive. 
955 |a Print PDA title 
999 f f |s a9d07fc3-0957-4f35-8849-1bb1753eae41  |i 680449b8-a758-35df-a558-a93f3aa8a8a0  |t 0 
952 f f |a Texas A&M University  |b College Station  |c Sterling C. Evans Library  |d Purchase on Demand  |t 0  |e E183.8.I4 F88 2021  |h Library of Congress classification 
998 f f |a E183.8.I4 F88 2021  |t 0  |l Purchase on Demand